[Event "17.Seefeld Open 2006"]
[Site "Seefeld/AUT (23.9.-1.10)"]
[Date "2006.09.29"]
[Round "7"]
[White "Ballon, Guenther-Jan"]
[Black "Keller, Manfred"]
[Result "0-1"]
[WhiteElo "2184"]
[BlackElo "2180"]
[PlyCount "116"]
[EventDate "2006.09.??"]
[EventType "swiss"]
[EventRounds "9"]
[EventCountry "AUT"]

1. d4 Nf6 2. c4 g6 3. Nc3 d5 4. Bf4 Bg7 5. e3 O-O 6. Nxd5 Nxd5 7. cxd5 Qxd5 8.
Ne2 Qa5+ 9. Qd2 Qxd2+ 10. Kxd2 c5 11. Be5 cxd4 12. exd4 Nc6 13. Bxg7 Kxg7 14.
Rc1 Rd8 15. Ke3 Be6 16. a3 Rac8 17. Nf4 Nxd4 18. Nxe6+ Nxe6 19. Rxc8 Rxc8 20.
Bd3 f5 21. f4 Kf6 22. Rd1 Rd8 23. g3 Nc5 24. Be2 Rxd1 25. Bxd1 e5 26. fxe5+
Kxe5 27. Bc2 g5 28. Kf3 h6 29. Ke3 Ne6 30. Bd1 Nc7 31. Bf3 Nd5+ 32. Kd3 b5 33.
b4 g4 34. Be2 h5 35. Bf1 a6 36. Kd2 Kd4 37. Bd3 f4 38. gxf4 Nxf4 39. Bf5 Nd5
40. Bc8 Nc7 41. Bd7 Kc4 42. Kc2 Nd5 43. Kd2 Nb6 44. Bc6 Kb3 45. Bb7 Nc4+ 46.
Ke2 Kxa3 47. Kf2 Kxb4 48. Bxa6 Nd6 49. Kg3 Nf5+ 50. Kf4 Ng7 51. Kg5 Kc5 52. Kg6
h4 53. Kg5 g3 54. hxg3 hxg3 55. Bb7 Kd4 56. Kg4 b4 57. Kxg3 b3 58. Kf3 Ne6 0-1

[Event "17.Seefeld Open 2006"]
[Site "Seefeld/AUT (23.9.-1.10)"]
[Date "2006.09.29"]
[Round "7"]
[White "Platzgummer, Fabian"]
[Black "Ermel, Dirk"]
[Result "1/2-1/2"]
[WhiteElo "2044"]
[BlackElo "2184"]
[PlyCount "30"]
[EventDate "2006.09.??"]
[EventType "swiss"]
[EventRounds "9"]
[EventCountry "AUT"]

1. d4 Nf6 2. c4 c5 3. d5 b5 4. cxb5 a6 5. b6 g6 6. Nc3 Bg7 7. Nf3 d6 8. e4 Bg4
9. Qa4+ Nfd7 10. Nd2 O-O 11. Qc2 Nxb6 12. a4 a5 13. Bb5 Na6 14. Bxa6 Rxa6 15.
O-O c4 1/2-1/2

[Event "17.Seefeld Open 2006"]
[Site "Seefeld/AUT (23.9.-1.10)"]
[Date "2006.09.29"]
[Round "7"]
[White "Meschke, Andreas"]
[Black "Lagrotteria, Salvatore"]
[Result "1/2-1/2"]
[WhiteElo "2183"]
[BlackElo "2176"]
[PlyCount "70"]
[EventDate "2006.09.??"]
[EventType "swiss"]
[EventRounds "9"]
[EventCountry "AUT"]

1. e4 c5 2. Nf3 d6 3. Bb5+ Nd7 4. O-O Ngf6 5. Re1 a6 6. Bf1 g6 7. c3 Ne5 8. d4
Nxf3+ 9. gxf3 cxd4 10. cxd4 Bg7 11. Nc3 O-O 12. Be3 b5 13. b4 Bd7 14. a4 bxa4
15. Nxa4 Bb5 16. Bxb5 axb5 17. Nc3 Qd7 18. Qd2 Rab8 19. Ra5 Rb7 20. Rea1 Rfb8
21. Kg2 h6 22. Qe2 Kh7 23. d5 Nh5 24. R1a3 f5 25. h3 Rc8 26. Qd3 Rc4 27. Nxb5
Rxb4 28. Na7 Rb1 29. Nc6 Re1 30. Ra7 fxe4 31. fxe4 Rh1 32. Kxh1 Qxh3+ 33. Kg1
Qg4+ 34. Kf1 Qh3+ 35. Kg1 Qg4+ 1/2-1/2

[Event "17.Seefeld Open 2006"]
[Site "Seefeld/AUT (23.9.-1.10)"]
[Date "2006.09.29"]
[Round "7"]
[White "Oettinger, Hagen"]
[Black "Kroencke, Manfred"]
[Result "0-1"]
[WhiteElo "2083"]
[BlackElo "2183"]
[PlyCount "54"]
[EventDate "2006.09.??"]
[EventType "swiss"]
[EventRounds "9"]
[EventCountry "AUT"]

1. d4 d5 2. Nf3 Nf6 3. g3 e6 4. Bg2 Be7 5. O-O O-O 6. c4 Nbd7 7. cxd5 exd5 8.
Nc3 c6 9. Qc2 Bd6 10. h3 Re8 11. Re1 h6 12. e4 dxe4 13. Nxe4 Nxe4 14. Rxe4 Rxe4
15. Qxe4 Nf6 16. Qh4 Be6 17. g4 Be7 18. Qg3 Qb6 19. g5 Ne4 20. Qe5 Nxg5 21.
Nxg5 hxg5 22. Bxg5 Bxg5 23. Qxg5 Qxb2 24. Re1 Qxd4 25. Be4 Re8 26. Bb1 g6 27.
h4 Qb4 0-1

[Event "17.Seefeld Open 2006"]
[Site "Seefeld/AUT (23.9.-1.10)"]
[Date "2006.09.29"]
[Round "7"]
[White "Stock, Juergen"]
[Black "Voss, Ingo"]
[Result "1-0"]
[WhiteElo "2026"]
[BlackElo "2149"]
[PlyCount "49"]
[EventDate "2006.09.??"]
[EventType "swiss"]
[EventRounds "9"]
[EventCountry "AUT"]

1. d4 d5 2. c3 Nf6 3. Bg5 e6 4. f4 Be7 5. e3 Ne4 6. Bxe7 Qxe7 7. Nf3 O-O 8.
Nbd2 Nxd2 9. Qxd2 b6 10. g4 c5 11. Qc2 cxd4 12. exd4 Qd6 13. Ng5 g6 14. Qf2 f6
15. Nh3 e5 16. dxe5 fxe5 17. Qh4 exf4 18. O-O-O Nc6 19. Bc4 Be6 20. Rhe1 Ne5
21. Ng5 Rf7 22. Rxe5 Qxe5 23. Re1 Qc7 24. Rxe6 dxc4 25. Nxf7 1-0

[Event "17.Seefeld Open 2006"]
[Site "Seefeld/AUT (23.9.-1.10)"]
[Date "2006.09.29"]
[Round "7"]
[White "Antoniacci, Riccardo"]
[Black "Schoetzig, Detlef"]
[Result "0-1"]
[WhiteElo "1980"]
[BlackElo "2124"]
[PlyCount "56"]
[EventDate "2006.09.??"]
[EventType "swiss"]
[EventRounds "9"]
[EventCountry "AUT"]

1. e4 d5 2. exd5 Nf6 3. c4 e6 4. Nf3 exd5 5. d4 Be7 6. Nc3 O-O 7. h3 c6 8. Bd3
Re8 9. O-O dxc4 10. Bxc4 b5 11. Bd3 b4 12. Ne2 Ba6 13. Bxa6 Nxa6 14. Qa4 Qb6
15. Nf4 Bd6 16. Be3 Rac8 17. Ne5 Qb7 18. Nc4 Bb8 19. Rfd1 Nd5 20. Nxd5 cxd5 21.
Na5 Qc7 22. Rac1 Qh2+ 23. Kf1 Nc7 24. Qd7 Rcd8 25. Qg4 Ne6 26. Nc6 Nf4 27. f3
Rxe3 28. Nxb8 Re2 0-1

[Event "17.Seefeld Open 2006"]
[Site "Seefeld/AUT (23.9.-1.10)"]
[Date "2006.09.29"]
[Round "7"]
[White "Schmidt, Juergen"]
[Black "Schwammberger, Eugen"]
[Result "1-0"]
[WhiteElo "2122"]
[BlackElo "2085"]
[PlyCount "98"]
[EventDate "2006.09.??"]
[EventType "swiss"]
[EventRounds "9"]
[EventCountry "AUT"]

1. e4 c5 2. Nf3 d6 3. d4 cxd4 4. Nxd4 Nf6 5. Nc3 a6 6. Bc4 e6 7. Bb3 Be7 8. O-O
Nc6 9. Nxc6 bxc6 10. f4 O-O 11. Qf3 Qa5 12. Bd2 Qh5 13. Qxh5 Nxh5 14. e5 g6 15.
g4 Ng7 16. exd6 Bxd6 17. Ne4 Be7 18. Bc3 Bd8 19. Rad1 Bb6+ 20. Kg2 c5 21. Nf6+
Kh8 22. Kg3 Bd8 23. Nd7 Bxd7 24. Rxd7 Kg8 25. Rfd1 Re8 26. Bc4 Be7 27. a4 Bf8
28. a5 Rec8 29. h3 Ne8 30. f5 Rc6 31. fxe6 fxe6 32. Re1 Ng7 33. Bxg7 Bxg7 34.
Bxe6+ Rxe6 35. Rxe6 Bxb2 36. Rde7 Bc3 37. Re8+ Rxe8 38. Rxe8+ Kf7 39. Ra8 Bxa5
40. Rxa6 Bc3 41. Kf3 h5 42. Ke4 hxg4 43. hxg4 Kg7 44. Kd3 Bd4 45. Rd6 Bg1 46.
Rd5 Kh6 47. c3 Bf2 48. Ke2 Bg1 49. Rd1 Bh2 1-0

[Event "17.Seefeld Open 2006"]
[Site "Seefeld/AUT (23.9.-1.10)"]
[Date "2006.09.29"]
[Round "7"]
[White "Wiesbeck, Florian"]
[Black "Thoeny, Hermann"]
[Result "1/2-1/2"]
[WhiteElo "1999"]
[BlackElo "2175"]
[PlyCount "52"]
[EventDate "2006.09.??"]
[EventType "swiss"]
[EventRounds "9"]
[EventCountry "AUT"]

1. d4 Nf6 2. c4 g6 3. Nc3 d5 4. cxd5 Nxd5 5. e4 Nxc3 6. bxc3 Bg7 7. Bc4 O-O 8.
Ne2 Nc6 9. Be3 b6 10. h4 Bb7 11. h5 Na5 12. Bd3 Qd6 13. hxg6 hxg6 14. Qd2 Rfd8
15. Bh6 Bxh6 16. Qxh6 Qf6 17. Qh7+ Kf8 18. Rh4 Qg7 19. Kd2 e6 20. Rah1 Qxh7 21.
Rxh7 Ke7 22. Nf4 Rg8 23. R1h6 Kf8 24. Nh3 Ke7 25. Ng5 Raf8 26. f4 c5 1/2-1/2

[Event "17.Seefeld Open 2006"]
[Site "Seefeld/AUT (23.9.-1.10)"]
[Date "2006.09.29"]
[Round "7"]
[White "Kreie, Guenter"]
[Black "Kozlov, Alexander"]
[Result "1/2-1/2"]
[WhiteElo "1987"]
[BlackElo "2118"]
[PlyCount "101"]
[EventDate "2006.09.??"]
[EventType "swiss"]
[EventRounds "9"]
[EventCountry "AUT"]

1. e4 c5 2. Nf3 Nc6 3. d4 cxd4 4. Nxd4 Nf6 5. Nc3 e5 6. Ndb5 d6 7. Bg5 a6 8.
Na3 b5 9. Bxf6 gxf6 10. Nd5 Bg7 11. c3 f5 12. exf5 Bxf5 13. Qf3 Bd7 14. Bd3 O-O
15. Bf5 Bxf5 16. Qxf5 Ne7 17. Nxe7+ Qxe7 18. Nc2 Qe6 19. g4 Qxf5 20. gxf5 d5
21. Rg1 Kh8 22. Rg4 Rfd8 23. Rd1 Rd6 24. Rh4 Rad8 25. Rd3 d4 26. cxd4 exd4 27.
Kd1 Rd5 28. Rh5 a5 29. Ne1 R8d6 30. Nf3 Rf6 31. Ke2 a4 32. b3 Kg8 33. Rxd4
Rdxf5 34. Rd8+ Bf8 35. Rxf5 Rxf5 36. Rc8 Kg7 37. Ra8 axb3 38. axb3 Bc5 39. Ra6
h6 40. Rc6 Ba3 41. Ra6 Bc5 42. Rc6 b4 43. Ra6 h5 44. h3 Kf8 45. Ra2 Ke7 46. Rd2
Bb6 47. Rd3 Ra5 48. Nd2 Re5+ 49. Kf1 Bc5 50. Nf3 Rf5 51. Ke2 1/2-1/2

[Event "17.Seefeld Open 2006"]
[Site "Seefeld/AUT (23.9.-1.10)"]
[Date "2006.09.29"]
[Round "7"]
[White "Mertens, Klaus"]
[Black "Buchaeckert, Juergen"]
[Result "1-0"]
[WhiteElo "2100"]
[BlackElo "1943"]
[PlyCount "69"]
[EventDate "2006.09.??"]
[EventType "swiss"]
[EventRounds "9"]
[EventCountry "AUT"]

1. Nf3 Nf6 2. g3 g6 3. Bg2 Bg7 4. O-O O-O 5. d4 c6 6. b3 d5 7. Bb2 Bf5 8. Nbd2
Qc8 9. Re1 Ne4 10. Nh4 Nxd2 11. Nxf5 Qxf5 12. Qxd2 Re8 13. e4 dxe4 14. Rxe4 Nd7
15. Rae1 e6 16. c4 Qf6 17. a4 Nc5 18. Rf4 Qd8 19. Qc2 Na6 20. Bc3 Rc8 21. b4 b5
22. axb5 cxb5 23. c5 Nc7 24. Bb7 Rb8 25. Bc6 Re7 26. Qb3 Bf8 27. Rfe4 a6 28.
Bd2 Nd5 29. Bg5 f6 30. Rxe6 fxg5 31. Bxd5 Rxe6 32. Bxe6+ Kh8 33. d5 a5 34. d6
a4 35. Qd5 1-0

[Event "17.Seefeld Open 2006"]
[Site "Seefeld/AUT (23.9.-1.10)"]
[Date "2006.09.29"]
[Round "7"]
[White "Di Lazzaro, Gabriele"]
[Black "Schumacher, Helmut"]
[Result "1/2-1/2"]
[WhiteElo "1986"]
[BlackElo "2076"]
[PlyCount "58"]
[EventDate "2006.09.??"]
[EventType "swiss"]
[EventRounds "9"]
[EventCountry "AUT"]

1. e4 e6 2. d4 d5 3. Nd2 Nf6 4. e5 Nfd7 5. c3 c5 6. Bd3 Nc6 7. Ngf3 Qb6 8. O-O
Be7 9. dxc5 Qc7 10. Nb3 Ndxe5 11. Bf4 Nxf3+ 12. Qxf3 e5 13. Bg3 Qd7 14. Bb5 e4
15. Qe3 O-O 16. Rad1 Qf5 17. f3 Bg5 18. Qe2 Re8 19. fxe4 Qxe4 20. Qh5 Qg6 21.
Qxg6 hxg6 22. Rxd5 Be3+ 23. Bf2 Be6 24. Rdd1 Bg4 25. Rde1 Bxf2+ 26. Kxf2 a6 27.
Bxc6 bxc6 28. Rxe8+ Rxe8 29. Re1 Rb8 1/2-1/2

[Event "17.Seefeld Open 2006"]
[Site "Seefeld/AUT (23.9.-1.10)"]
[Date "2006.09.29"]
[Round "7"]
[White "Ranker, Klemens"]
[Black "Schueler, Wolfgang"]
[Result "1/2-1/2"]
[WhiteElo "1936"]
[BlackElo "2073"]
[PlyCount "48"]
[EventDate "2006.09.??"]
[EventType "swiss"]
[EventRounds "9"]
[EventCountry "AUT"]

1. e4 e5 2. Nf3 Nc6 3. Bb5 a6 4. Ba4 Nf6 5. O-O b5 6. Bb3 Be7 7. Re1 O-O 8. c3
d6 9. h3 Na5 10. Bc2 c5 11. d4 Qc7 12. Nbd2 cxd4 13. cxd4 Bb7 14. d5 Rac8 15.
Bd3 Nd7 16. Nf1 f5 17. Bg5 Nf6 18. Rc1 Qd7 19. Bxf6 Bxf6 20. b3 Rxc1 21. Qxc1
Rc8 22. Qa3 Bd8 23. Rc1 f4 24. N1h2 Rxc1+ 1/2-1/2

[Event "17.Seefeld Open 2006"]
[Site "Seefeld/AUT (23.9.-1.10)"]
[Date "2006.09.29"]
[Round "7"]
[White "Strasser, Josef"]
[Black "Schmidt, Wolfgang"]
[Result "0-1"]
[WhiteElo "1917"]
[BlackElo "2061"]
[PlyCount "54"]
[EventDate "2006.09.??"]
[EventType "swiss"]
[EventRounds "9"]
[EventCountry "AUT"]

1. d4 g6 2. Nf3 Bg7 3. c4 d6 4. Nc3 Nf6 5. e4 O-O 6. Be2 e5 7. O-O Nc6 8. d5
Ne7 9. b4 Ne8 10. Ne1 f5 11. f3 f4 12. c5 g5 13. cxd6 cxd6 14. Nd3 Ng6 15. Bd2
h5 16. Nf2 Rf7 17. Be1 Bf8 18. Nb5 Rg7 19. Rc1 a6 20. Nc3 Nf6 21. Kh1 Nh8 22.
Rg1 g4 23. g3 fxg3 24. Rxg3 h4 25. Rg1 g3 26. Ng4 Nh5 27. Bxg3 hxg3 0-1

[Event "17.Seefeld Open 2006"]
[Site "Seefeld/AUT (23.9.-1.10)"]
[Date "2006.09.29"]
[Round "7"]
[White "Duric, Rajko"]
[Black "Fischer, Gerd"]
[Result "1/2-1/2"]
[WhiteElo "1848"]
[BlackElo "2026"]
[PlyCount "33"]
[EventDate "2006.09.??"]
[EventType "swiss"]
[EventRounds "9"]
[EventCountry "AUT"]

1. e4 e6 2. g3 d5 3. exd5 exd5 4. d4 Nf6 5. Bg2 Bd6 6. Nf3 O-O 7. O-O c6 8. b3
Bg4 9. Ba3 Re8 10. Bxd6 Qxd6 11. Qd3 Nbd7 12. Nbd2 Re7 13. Rfe1 Rae8 14. Rxe7
Rxe7 15. Re1 Rxe1+ 16. Nxe1 Qe6 17. Qe3 1/2-1/2

[Event "17.Seefeld Open 2006"]
[Site "Seefeld/AUT (23.9.-1.10)"]
[Date "2006.09.29"]
[Round "7"]
[White "Schulze, Joachim"]
[Black "Babinetz, Rainer"]
[Result "0-1"]
[WhiteElo "2010"]
[BlackElo "1946"]
[PlyCount "68"]
[EventDate "2006.09.??"]
[EventType "swiss"]
[EventRounds "9"]
[EventCountry "AUT"]

1. e4 Nf6 2. Nc3 d5 3. exd5 Nxd5 4. Bc4 Nxc3 5. Qf3 e6 6. Qxc3 Nc6 7. Ne2 Qh4
8. O-O Bd6 9. f4 O-O 10. d4 Bd7 11. Bd2 Rad8 12. Rf3 Nb4 13. Raf1 Nd5 14. Qd3
f5 15. Be1 Qf6 16. Rh3 Rc8 17. Bh4 Qf7 18. c3 Nf6 19. Bxf6 Qxf6 20. Qe3 c5 21.
Bb3 a5 22. Rd1 Rfe8 23. Qd2 a4 24. Bc2 Red8 25. Kh1 Bc6 26. Rd3 Qg6 27. Rg3 Qh6
28. Re3 cxd4 29. Qxd4 Bc5 30. Qxd8+ Rxd8 31. Rxd8+ Kf7 32. Re5 Qh4 33. Rxc5
Qxd8 34. Nd4 Qh4 0-1

[Event "17.Seefeld Open 2006"]
[Site "Seefeld/AUT (23.9.-1.10)"]
[Date "2006.09.29"]
[Round "7"]
[White "Kesik, Marco"]
[Black "Willin, Bernhard"]
[Result "1-0"]
[WhiteElo "1916"]
[BlackElo "2009"]
[PlyCount "59"]
[EventDate "2006.09.??"]
[EventType "swiss"]
[EventRounds "9"]
[EventCountry "AUT"]

1. d4 Nf6 2. c4 b6 3. Nc3 Bb7 4. f3 e6 5. e4 d6 6. Bd3 Nbd7 7. Nge2 Be7 8. O-O
O-O 9. b3 c6 10. Be3 Qc7 11. Rc1 Rac8 12. Bb1 Qb8 13. Qd2 Rfe8 14. g4 Nf8 15.
g5 Nh5 16. Ng3 Nxg3 17. hxg3 e5 18. f4 f6 19. d5 c5 20. f5 Nd7 21. g6 hxg6 22.
Qh2 Kf7 23. fxg6+ Kxg6 24. Qh3 Rcd8 25. Qf5+ Kf7 26. Qh5+ Kg8 27. Rc2 Bc8 28.
Rh2 Bf8 29. Qg6 Qb7 30. Kg2 1-0

[Event "17.Seefeld Open 2006"]
[Site "Seefeld/AUT (23.9.-1.10)"]
[Date "2006.09.29"]
[Round "7"]
[White "Becker, Joerg"]
[Black "Koller, Hubert"]
[Result "1/2-1/2"]
[WhiteElo "1945"]
[BlackElo "2115"]
[PlyCount "105"]
[EventDate "2006.09.??"]
[EventType "swiss"]
[EventRounds "9"]
[EventCountry "AUT"]

1. d4 Nf6 2. c4 c5 3. Nf3 g6 4. Nc3 Bg7 5. d5 d6 6. e4 Na6 7. Be2 O-O 8. O-O
Nc7 9. Qc2 Bd7 10. Rb1 Rb8 11. b4 cxb4 12. Rxb4 Na6 13. Rb1 Nc5 14. Be3 b6 15.
Nd4 Qc8 16. f3 Nh5 17. f4 Bg4 18. Bxg4 Qxg4 19. Nc6 Rb7 20. Na4 Rc7 21. Nxc5
dxc5 22. a4 Bh6 23. Qd2 Nf6 24. Qd3 Qd7 25. Rb3 Ng4 26. Bd2 Rb7 27. Rfb1 Ra8
28. h3 Nf6 29. Be3 Bg7 30. Bxc5 Rc7 31. Be3 Rac8 32. e5 Ne8 33. Nxe7+ Qxe7 34.
d6 Qe6 35. dxc7 Nxc7 36. c5 bxc5 37. Bxc5 Nd5 38. Be3 Bh6 39. Qd4 Rc2 40. R1b2
Nxe3 41. Qxe3 Rc4 42. Qd2 Bxf4 43. Qd8+ Kg7 44. Qf6+ Qxf6 45. exf6+ Kxf6 46.
Rf3 Kg7 47. g3 Bc7 48. Rb7 Bb6+ 49. Kf1 Rxa4 50. Rfxf7+ Kh6 51. Rxh7+ Kg5 52.
Rhg7 Ra1+ 53. Ke2 1/2-1/2

[Event "17.Seefeld Open 2006"]
[Site "Seefeld/AUT (23.9.-1.10)"]
[Date "2006.09.29"]
[Round "7"]
[White "Maurer, Rainer"]
[Black "Becking, Franz-Josef"]
[Result "1-0"]
[WhiteElo "1916"]
[BlackElo "2076"]
[PlyCount "23"]
[EventDate "2006.09.??"]
[EventType "swiss"]
[EventRounds "9"]
[EventCountry "AUT"]

1. e4 c5 2. Nf3 e6 3. d4 cxd4 4. Nxd4 Nf6 5. Nc3 Bb4 6. e5 Nd5 7. Qg4 O-O 8.
Bh6 g6 9. Bxf8 Kxf8 10. O-O-O Nxc3 11. Nxe6+ fxe6 12. Qxb4+ 1-0

[Event "17.Seefeld Open 2006"]
[Site "Seefeld/AUT (23.9.-1.10)"]
[Date "2006.09.29"]
[Round "7"]
[White "Schett, Franz"]
[Black "Scheidt, Eugen"]
[Result "1-0"]
[WhiteElo "2004"]
[BlackElo "1980"]
[PlyCount "58"]
[EventDate "2006.09.??"]
[EventType "swiss"]
[EventRounds "9"]
[EventCountry "AUT"]

1. e4 c5 2. Nf3 Nc6 3. d4 cxd4 4. Nxd4 e6 5. Be2 Nf6 6. Bf3 a6 7. Nxc6 bxc6 8.
O-O Bb7 9. e5 Nd5 10. c4 Nb6 11. Qc2 Qc7 12. Be3 d5 13. cxd5 exd5 14. Nd2 Rc8
15. Bf4 Qd8 16. Bg4 Ra8 17. Rfe1 Be7 18. e6 f6 19. Bh5+ Kf8 20. Rad1 Nc8 21.
Ne4 Qa5 22. Ng3 Qxa2 23. Nf5 Qa5 24. Qc1 Qc5 25. Qd2 Qb4 26. Qe3 g5 27. Bc7 c5
28. Nxe7 Kxe7 29. Rc1 d4 {Rest der Notationen unbrauchbar !} 1-0

[Event "17.Seefeld Open 2006"]
[Site "Seefeld/AUT (23.9.-1.10)"]
[Date "2006.09.29"]
[Round "7"]
[White "Scholz, Herbert"]
[Black "Noettger, Eckard"]
[Result "1/2-1/2"]
[WhiteElo "1991"]
[BlackElo "1783"]
[PlyCount "73"]
[EventDate "2006.09.??"]
[EventType "swiss"]
[EventRounds "9"]
[EventCountry "AUT"]

1. d4 d5 2. c4 dxc4 3. e4 c5 4. d5 e6 5. Bxc4 exd5 6. exd5 Nf6 7. Nc3 a6 8. a4
Bf5 9. Nge2 Bd6 10. O-O O-O 11. h3 Nbd7 12. Ng3 Bg6 13. f4 h6 14. Bd3 Bxd3 15.
Qxd3 Qb6 16. Kh1 Rfe8 17. a5 Qc7 18. Nf5 c4 19. Qf3 Bb4 20. Bd2 Kh7 21. Rfe1
Rxe1+ 22. Rxe1 Re8 23. Rxe8 Nxe8 24. Qg3 Qxa5 25. Qe1 Ndf6 26. Qb1 Kh8 27. Ne3
Qb6 28. Nxc4 Qd4 29. Ne5 Qxd2 30. Nxf7+ Kg8 31. Qg6 Qxf4 32. Ne2 Qf1+ 33. Ng1
Qc1 34. Kh2 Qf4+ 35. g3 Qf2+ 36. Kh1 Bc5 37. Nxh6+ 1/2-1/2

[Event "17.Seefeld Open 2006"]
[Site "Seefeld/AUT (23.9.-1.10)"]
[Date "2006.09.29"]
[Round "7"]
[White "Werner, Bernd"]
[Black "Plock, Christian"]
[Result "0-1"]
[WhiteElo "1980"]
[BlackElo "1990"]
[PlyCount "86"]
[EventDate "2006.09.??"]
[EventType "swiss"]
[EventRounds "9"]
[EventCountry "AUT"]

1. e4 e5 2. Nf3 Nc6 3. Bc4 Be7 4. d4 d6 5. d5 Nb8 6. O-O Nf6 7. Re1 Bg4 8. h3
Bh5 9. Nc3 Nbd7 10. Be3 h6 11. Be2 Bg6 12. Bd3 Bh5 13. Be2 Bg6 14. Nd2 Nh7 15.
Bh5 Bxh5 16. Qxh5 Bg5 17. Bxg5 Qxg5 18. Qe2 O-O 19. Nf3 Qe7 20. Rad1 a6 21. Rd3
f5 22. exf5 Rxf5 23. Nd4 Rf7 24. Rg3 Nb6 25. Qd2 Qd7 26. Nf3 Kh8 27. Nh4 g5 28.
Nf3 Nf6 29. h4 Nh5 30. Nxg5 hxg5 31. Rxg5 Nf4 32. Ne2 Nbxd5 33. Nxf4 Nxf4 34.
c4 Rg8 35. Rxg8+ Kxg8 36. g3 Rg7 37. Re4 Qf5 38. Qe3 Nh3+ 39. Kf1 Nxf2 40. Qxf2
Qxe4 41. Qd2 Qxc4+ 42. Kg2 c6 43. Qxd6 Qd5+ 0-1

[Event "17.Seefeld Open 2006"]
[Site "Seefeld/AUT (23.9.-1.10)"]
[Date "2006.09.29"]
[Round "7"]
[White "Russ, Colin"]
[Black "Pieper, Harald"]
[Result "1-0"]
[WhiteElo "1963"]
[BlackElo "2067"]
[PlyCount "53"]
[EventDate "2006.09.??"]
[EventType "swiss"]
[EventRounds "9"]
[EventCountry "AUT"]

1. d4 d5 2. Nf3 Bg4 3. e3 e6 4. c3 c5 5. Bb5+ Nd7 6. O-O Ngf6 7. Nbd2 Be7 8. h3
Bh5 9. g4 Nxg4 10. hxg4 Bxg4 11. Qa4 Bxf3 12. Nxf3 a6 13. Bxd7+ Qxd7 14. Qxd7+
Kxd7 15. Ne5+ Ke8 16. Bd2 f6 17. Nd3 c4 18. Nf4 Kf7 19. f3 h5 20. e4 g5 21. Ne2
Rag8 22. exd5 exd5 23. Kf2 h4 24. Rh1 Bd6 25. Rag1 f5 26. Rxg5 Bg3+ 27. Kf1 1-0

[Event "17.Seefeld Open 2006"]
[Site "Seefeld/AUT (23.9.-1.10)"]
[Date "2006.09.29"]
[Round "7"]
[White "Niedergesaess, Herbert"]
[Black "Kircher, Werner"]
[Result "1-0"]
[WhiteElo "1950"]
[BlackElo "2030"]
[PlyCount "39"]
[EventDate "2006.09.??"]
[EventType "swiss"]
[EventRounds "9"]
[EventCountry "AUT"]

1. c4 Nf6 2. Nf3 g6 3. b3 Bg7 4. Bb2 c5 5. g3 b6 6. Bg2 Bb7 7. O-O O-O 8. Nc3
Nc6 9. d3 d6 10. e3 Rb8 11. Qe2 e5 12. Rad1 Re8 13. e4 Qd7 14. Qd2 Rf8 15. Nd5
Nxd5 16. cxd5 Ne7 17. Qg5 h6 18. Qh4 Bc8 19. Bc1 Qg4 20. Qxe7 1-0

[Event "17.Seefeld Open 2006"]
[Site "Seefeld/AUT (23.9.-1.10)"]
[Date "2006.09.29"]
[Round "7"]
[White "Samarian, Cornel"]
[Black "Waibl, Herbert"]
[Result "1/2-1/2"]
[WhiteElo "1937"]
[BlackElo "2026"]
[PlyCount "22"]
[EventDate "2006.09.??"]
[EventType "swiss"]
[EventRounds "9"]
[EventCountry "AUT"]

1. c4 g6 2. d4 Nf6 3. Nc3 d6 4. e4 Bg7 5. Nf3 Bg4 6. Be2 O-O 7. O-O c6 8. h3
Bxf3 9. Bxf3 Nbd7 10. Be3 a5 11. b3 Qc7 1/2-1/2

[Event "17.Seefeld Open 2006"]
[Site "Seefeld/AUT (23.9.-1.10)"]
[Date "2006.09.29"]
[Round "7"]
[White "Gestrich, Wolfgang"]
[Black "Johanssen, Torsten"]
[Result "0-1"]
[WhiteElo "1756"]
[BlackElo "2001"]
[PlyCount "84"]
[EventDate "2006.09.??"]
[EventType "swiss"]
[EventRounds "9"]
[EventCountry "AUT"]

1. c4 Nf6 2. Nc3 g6 3. e4 d6 4. g3 Bg7 5. Bg2 O-O 6. Nge2 c5 7. O-O Nc6 8. d3
Nd7 9. h3 a6 10. a3 Rb8 11. Rb1 Nd4 12. b4 Nxe2+ 13. Nxe2 b5 14. Bb2 Bxb2 15.
Rxb2 bxc4 16. dxc4 Ne5 17. Qc2 Be6 18. bxc5 dxc5 19. Rxb8 Qxb8 20. Rb1 Qc8 21.
Bf1 Bxh3 22. Qc3 Bxf1 23. Rxf1 f6 24. f3 Qh3 25. Rf2 Rd8 26. Qc2 Qd7 27. Kg2 g5
28. g4 Qe6 29. Ng3 Rd4 30. Qa4 Qc6 31. Qxc6 Nxc6 32. Nf5 Rd3 33. Ra2 e6 34. Ng3
Ne5 35. Rf2 Nxc4 36. Nh5 Kf7 37. f4 Rd2 38. Rxd2 Nxd2 39. fxg5 Nxe4 40. gxf6
Nxf6 41. Nxf6 Kxf6 42. Kf3 Kg5 0-1

[Event "17.Seefeld Open 2006"]
[Site "Seefeld/AUT (23.9.-1.10)"]
[Date "2006.09.29"]
[Round "7"]
[White "Meul, Willi"]
[Black "Aufmwasser, Guenter"]
[Result "1/2-1/2"]
[WhiteElo "1998"]
[BlackElo "1909"]
[PlyCount "136"]
[EventDate "2006.09.??"]
[EventType "swiss"]
[EventRounds "9"]
[EventCountry "AUT"]

1. d4 Nf6 2. Nf3 g6 3. Bg5 Bg7 4. Nbd2 d6 5. e3 O-O 6. Bd3 h6 7. Bh4 Nc6 8. c3
e5 9. d5 Ne7 10. c4 Nh7 11. Bxe7 Qxe7 12. Qc2 f5 13. e4 a5 14. b4 axb4 15. Rb1
Bd7 16. Rxb4 b6 17. O-O f4 18. Ra1 g5 19. Nb3 g4 20. Ne1 Ng5 21. a4 h5 22. a5
h4 23. axb6 Rxa1 24. Nxa1 cxb6 25. Rxb6 Ra8 26. Qb2 Bf8 27. Nac2 Qd8 28. Qb4 f3
29. Qb2 fxg2 30. Kxg2 Nh3 31. Ne3 Ra2 32. Qxa2 Qxb6 33. Qb1 Qa7 34. Qb2 Bg7 35.
Kf1 Nf4 36. Be2 g3 37. fxg3 Bh3+ 38. Kf2 hxg3+ 39. hxg3 Bf5 40. Kf3 Bg6 41.
gxf4 exf4 42. Qd2 fxe3 43. Qc2 Bh6 44. Kg2 Qe7 45. Bf3 Bf4 46. Kf1 Kf7 47. Ng2
Bg5 48. Ke2 Qa7 49. Qb3 Qd4 50. Qc2 Qa7 51. Ne1 Qd4 52. Qd3 Qb2+ 53. Nc2 Bf4
54. Bg4 Kg7 55. Kf3 Qf6 56. Nxe3 Kh8 57. Ke2 Qh4 58. Bf3 Qh2+ 59. Ng2 Be5 60.
Qb3 Kg7 61. Qb7+ Kh6 62. Qe7 Bg3 63. Qf6 Qg1 64. Kd2 Qf2+ 65. Kd3 Qf1+ 66. Kd2
Qf2+ 67. Kc1 Qf1+ 68. Kd2 Qf2+ 1/2-1/2

[Event "17.Seefeld Open 2006"]
[Site "Seefeld/AUT (23.9.-1.10)"]
[Date "2006.09.29"]
[Round "7"]
[White "Walz, Robert"]
[Black "Sickinger, Wolfgang"]
[Result "1-0"]
[WhiteElo "1984"]
[BlackElo "1644"]
[PlyCount "65"]
[EventDate "2006.09.??"]
[EventType "swiss"]
[EventRounds "9"]
[EventCountry "AUT"]

1. e4 c5 2. Nf3 Nc6 3. d4 cxd4 4. Nxd4 Nf6 5. Nc3 e5 6. Ndb5 d6 7. Bg5 a6 8.
Na3 b5 9. Bxf6 gxf6 10. Nd5 Bg7 11. Qd3 Ne7 12. O-O-O Bb7 13. Kb1 Nxd5 14. exd5
O-O 15. g4 Re8 16. Qe4 Rc8 17. c3 Qb6 18. Bd3 Rc5 19. Qxh7+ Kf8 20. Be4 b4 21.
cxb4 Qxb4 22. Nc2 Qa5 23. Ne3 Qb4 24. a3 Qa4 25. f3 Bc8 26. Rhg1 Bd7 27. Nf5
Bxf5 28. gxf5 Rb8 29. Qxg7+ Ke7 30. Qg2 Qxa3 31. Rd3 Qa4 32. Qf2 Ra5 33. Qa7+
1-0

[Event "17.Seefeld Open 2006"]
[Site "Seefeld/AUT (23.9.-1.10)"]
[Date "2006.09.29"]
[Round "7"]
[White "Andreini, Gigliolu"]
[Black "Stojanovic, Milorad"]
[Result "0-1"]
[WhiteElo "1660"]
[BlackElo "1690"]
[PlyCount "48"]
[EventDate "2006.09.??"]
[EventType "swiss"]
[EventRounds "9"]
[EventCountry "AUT"]

1. c4 d5 2. cxd5 Qxd5 3. Nc3 Qd8 4. d4 e6 5. e4 Nf6 6. Bc4 Bb4 7. f3 Nc6 8.
Nge2 a6 9. O-O b5 10. Bb3 h6 11. d5 Ne5 12. dxe6 Bxe6 13. Bxe6 fxe6 14. b3 Nd3
15. Be3 O-O 16. Qc2 Ne5 17. Rfd1 Bd6 18. Rd2 Nh5 19. h3 Qh4 20. Bf2 Nxf3+ 21.
gxf3 Qxh3 22. f4 Nxf4 23. Nxf4 Rxf4 24. Be1 Rf1# 0-1